Biografía de la homosexualidad / (Record no. 171429)

MARC details
000 -LEADER
campo de control de longitud fija 00504nam a22001695i 4500
001 - NÚMERO DE CONTROL
campo de control 171429
003 - IDENTIFICADOR DE NÚMERO DE CONTROL
campo de control ES-MaACL
005 - FECHA Y HORA DE LA ÚLTIMA TRANSACCIÓN
campo de control 20230906214631.0
008 - DATOS DE LONGITUD FIJA--INFORMACIÓN GENERAL
campo de control de longitud fija 090514s1972 sp |||| | spa d
080 ## - NÚMERO DE LA CLASIFICACIÓN DECIMAL UNIVERSAL
Número de la Clasificación Decimal Universal 613.885
100 1# - ENTRADA PRINCIPAL--NOMBRE DE PERSONA
Nombre de persona Fariñas, E. M.
9 (RLIN) 140138
245 10 - MENCIÓN DEL TÍTULO
Título Biografía de la homosexualidad /
Mención de responsabilidad, etc. Helmuth von Sohel [Seud.].
260 ## - PUBLICACIÓN, DISTRIBUCIÓN, ETC.
Lugar de publicación, distribución, etc. [Barcelona :
Nombre del editor, distribuidor, etc. Producciones Editoriales,
Fecha de publicación, distribución, etc. 1972.
300 ## - DESCRIPCIÓN FÍSICA
Extensión 246 p. ;
Dimensiones 18 cm.
650 14 - PUNTO DE ACCESO ADICIONAL DE MATERIA--TÉRMINO DE MATERIA
Término de materia o nombre geográfico como elemento de entrada Homosexualidad.
9 (RLIN) 13469
852 ## - LOCALIZACIÓN
Ubicación ES-MaACL
Número de control de estantería C-54462
itemnumber R.83722
Holdings
Estatus retirado Estado de pérdida Estado de daño No para préstamo Biblioteca de origen Biblioteca actual Ubicación en estantería Fecha de adquisición Fuente de adquisición Total de préstamos Signatura topográfica completa Código de barras Visto por última vez Precio de reemplazo Tipo de ítem Koha
        Biblioteca del Ateneo de Madrid Biblioteca del Ateneo de Madrid Depósito 2 14/05/2009     C-54462 1179906 23/02/2023 23/02/2023 Libro impreso